Geometry Dash Quiz - Statistics

General Stats
  • This quiz has been taken 108 times
  • The average score is 3 of 6
Answer Stats
Question Answer % Correct
This is an famous Extreme Demon in the game, it is simply an extreme hell-themed challenge verified in 2015, verified by the old top 1 player Riot. Bloodbath
100%
Levels that are superior-extremely hard and will get verified in possibly never. Tax Evasion, Ballistic Wistfully, arcturus unnerfed.
75%
What was the hardest demon in 2014? Ice Carbon Diablo X
58%
What was a top 1 demon in July 2018? Bloodlust
39%
An old level that was nerfed because it was like top 5 (nowaday) difficulty, it was nerfed for good, its also in the legacy list. Yatagarasu
39%
This extreme challenge is made in the past, considered impossible back in the day. it was extremely popular and it had 6 frame perfects on 60 hz. It has 6 million downloads. 3 Seconds Hell
19%
No matching quizzes found
Score Distribution
Percent of People with Each Score
Percentile by Number Answered
Your Score History
You have not taken this quiz